What makes investors short sell ETFs ?
Špecifické vlastnosti a charakteristika globálne dostupného ETF. Možnosti dosiahnutia výnosov, ktoré ovplyvňujú hladinu záujmu (ako je obchodovanie, objem, cenová stabilita, kapitalizácia, nákladovosť, geografické zameranie, investičná stratégia a dostupnosť derivátov).
Uložené v:
| Hlavný autor: | |
|---|---|
| Ďalší autori: | |
| Médium: | Kapitola |
| Jazyk: | English |
| Predmet: | |
| Tagy: |
Žiadne tagy, Buďte prvý, kto otaguje tento záznam!
|
MARC
| LEADER | 00000naa a2200000 4500 | ||
|---|---|---|---|
| 001 | 0222535 | ||
| 005 | 20241024143300.6 | ||
| 041 | 0 | |a eng | |
| 044 | |a CZ | ||
| 245 | 1 | 0 | |a What makes investors short sell ETFs ? |c Dagmar Linnertová, Oleg Deev |
| 520 | |a Špecifické vlastnosti a charakteristika globálne dostupného ETF. Možnosti dosiahnutia výnosov, ktoré ovplyvňujú hladinu záujmu (ako je obchodovanie, objem, cenová stabilita, kapitalizácia, nákladovosť, geografické zameranie, investičná stratégia a dostupnosť derivátov). | ||
| 610 | 2 | 0 | |a obchody burzové |
| 610 | 2 | 0 | |a stratégia investičná |
| 610 | 2 | 0 | |a nástroje investičné |
| 610 | 2 | 0 | |a deriváty |
| 610 | 2 | 0 | |a investovanie obozretné |
| 610 | 2 | 0 | |a indexy burzové |
| 610 | 2 | 0 | |a výnosy |
| 100 | 1 | |a Linnertová, Dagmar | |
| 700 | 1 | |a Deev, Oleg | |